| 000 | 004400000a22001810004500 | ||
|---|---|---|---|
| 003 | MACL | ||
| 005 | 20151219144403.0 | ||
| 008 | 151219b xxu||||| |||| 00| 0 eng d | ||
| 040 |
_aMACL _cMACL |
||
| 041 | _aEnglish | ||
| 082 | _a599/THA | ||
| 100 |
_aThapar, Valmik _96709 |
||
| 245 | _aWild Tigers of Ranthambhore | ||
| 260 |
_bOxford University Press _c2000 |
||
| 350 | _a875 | ||
| 650 |
_aAnimals _921443 |
||
| 942 |
_cBK _k599/THA _2ddc |
||
| 999 |
_c39813 _d39813 |
||